Countries Christopher Warren Visited - Statistics

General Stats
  • This quiz has been taken 17 times
  • The average score is 49 of 62
Answer Stats
Continent Country % Correct
Oceania Australia
100%
South America Brazil
100%
Asia China
100%
Europe France
100%
Europe Italy
100%
Asia Japan
100%
North America Mexico
100%
Africa Morocco
100%
Asia/ Europe Russia
100%
Africa South Africa
100%
Europe Spain
100%
Europe United Kingdom
100%
Africa Angola
86%
South America Argentina
86%
Europe Belarus
86%
Europe Belgium
86%
North America Canada
86%
Africa Egypt
86%
Europe Germany
86%
North America Haiti
86%
Asia Indonesia
86%
Europe Netherlands
86%
Europe Poland
86%
Europe Ukraine
86%
Europe Vatican City
86%
Asia Vietnam
86%
Europe Austria
71%
Europe Bosnia and Herzegovina
71%
South America Chile
71%
Europe Czech Republic
71%
North America El Salvador
71%
Africa Ethiopia
71%
Europe Finland
71%
Europe Greece
71%
Europe Hungary
71%
Asia Israel
71%
Asia Jordan
71%
Asia Kazakhstan
71%
Asia Kuwait
71%
Europe Latvia
71%
Europe Luxembourg
71%
Asia Malaysia
71%
Europe Norway
71%
Asia Philippines
71%
Europe Portugal
71%
Asia Saudi Arabia
71%
Europe Serbia
71%
Asia Singapore
71%
Asia South Korea
71%
Europe Switzerland
71%
Asia Thailand
71%
North America Trinidad and Tobago
71%
Africa Tunisia
71%
Asia/ Europe Turkey
71%
Asia Brunei
57%
Asia Cambodia
57%
Europe Croatia
57%
Europe Cyprus
57%
Asia Lebanon
57%
Africa Mali
57%
Asia Syria
57%
Africa Tanzania
57%
No matching quizzes found
Score Distribution
Percent of People with Each Score
Percentile by Number Answered
Your Score History
You have not taken this quiz